[Event "Commonwealth-ch"]
[Site "Chennai"]
[Date "2012.11.29"]
[Round "9"]
[White "Mohota, Nisha"]
[Black "Dheeraj Kumar, Reddy T"]
[Result "1-0"]
[WhiteElo "2342"]
[BlackElo "1894"]
[PlyCount "61"]
[EventDate "2012.11.23"]
[EventType "swiss"]
[EventRounds "11"]
[EventCountry "IND"]
[SourceTitle "CBM 151 Extra"]
[Source "ChessBase"]
[SourceDate "2012.12.18"]
[SourceVersion "1"]
[SourceVersionDate "2012.12.18"]
[SourceQuality "1"]

1. Nf3 Nf6 2. g3 e6 3. Bg2 d5 4. 0-0 Be7 5. c4 0-0 6. b3 b6 7. Bb2 Bb7 8. e3 c5 9. Nc3 a6 10. Qe2 Qc7 11. cxd5 Nxd5 12. Nxd5 Bxd5 13. e4 Bc6 14. Rfc1 Nd7 15. d4 Qb7 16. d5 Bb5 17. Qd2 exd5 18. exd5 Bf6 19. Bxf6 Nxf6 20. a4 Bd7 21. Ne5 Rae8 22. Re1 Qc7 23. d6 Qc8 24. f4 Ng4 25. Qd5 Rd8 26. Nxd7 Qxd7 27. Rac1 Rde8 28. Bh3 Rxe1+ 29. Rxe1 Nf6 30. Bxd7 Nxd5 31. Be8 1-0